English to Another Language - Statistics

General Stats
  • This quiz has been taken 16 times
  • The average score is 5 of 10
Answer Stats
English Language Answer % Correct
Table Tableau French
100%
The La / El Spanish
100%
Coffee Kaffe German
87%
Shirt Košile Czech
73%
Before ก่อน Thai
60%
Weight Çəki Azerbaijani
27%
Swing Hinta Hungarian
27%
Bag Pēke Maori
20%
Train Tramen Latin
7%
Computer Komputer Malay
0%
No matching quizzes found
Score Distribution
Percent of People with Each Score
Percentile by Number Answered
Your Score History
You have not taken this quiz